000 01155nam a2200337 i 4500
001 18738
003 ES-MaACL
005 20260526163307.0
007 t|
008 020311s2001 fr f |||| | spa d
020 _a2-85816-553-X
080 _a329.285(460.35)"18"
080 _a338.1(460.35)"18"
080 _a308(460.35)"18"
100 1 _aAlas, Leopoldo
_d1852-1901
_9226375
245 1 3 _aEl hambre en Andalucía /
_cLeopoldo Alas "Clarín" ; edición crítica, estudio preliminar y notas de Simone Saillard.
260 _aToulouse :
_bPresses Universitaires du Mirail,
_ccop. 2001.
300 _a275 p., XV p. de lám. ;
_c24 cm.
490 1 _aCollection Hespérides. Espagne
500 _aÍndice.
504 _aBibliografía: p. [231-253]
650 7 _aAnarquismo
_2embne
_99783
650 4 _aAnarquismo-
_zAndalucía.
_9169522
651 4 _aAndalucía-
_xSituación económica-
_yS.XIX.
_9167713
651 4 _aAndalucía-
_xSituación social-
_yS.XIX.
_9167714
700 1 _aSaillard, Simone.
_9101497
830 0 _aCollection Hespérides. Espagne
_9226367
852 _aES-MaACL
_jL-25315
942 _2udc
999 _c18738
_d18738